• 首页
  • 本馆介绍
  • 公告通知
  • 最新文献
  • 馆藏检索
  • 电子资源
  • 读者导购
  • 参考咨询
  • 我的图书馆
  • 登录
  • 详细信息显示
  • 放入我的书架
  • 预约/预借图书
  • 作者相关作品
  • 分类相关作品
  • 丛书相关作品
  • 出版社相关作品

书目信息

  • 表格格式
  • 工作单格式
  • 卡片格式
题名:
了解病毒
    
 
作者: 陈绳亮 , 李天宪 主编
分册:  
出版信息: 北京   中国农业出版社  2004.03
页数: 175页
开本: 19cm
丛书名:
单 册:
中图分类: R373
科图分类:
主题词: 病毒学--普及读物 , 医药学:微生物学
电子资源:
ISBN: 7-109-08874-X
000 00703nam0 2200241 45
001 012004015800
005 20040829161308.0
010    @a7-109-08874-X@dCNY15.00
100    @a20041115d2004 em y0chiy50 ea
101 0  @achi
102    @aCN@b110000
105    @af z 000yy
200 1  @a了解病毒@Aliao jie bing du@f陈绳亮,李天宪主编@Fchen sheng liang,li tian xian zhu bian
210    @a北京@c中国农业出版社@d2004.03
215    @a175页@d19cm
606 0  @a病毒学@j普及读物
606 0  @a医药学:微生物学
690    @aR373@v4
701  0 @a陈绳亮@Achen sheng liang@4主编
701  0 @a李天宪@Ali tian xian@4主编
801  0 @aCN@bBZT@c20041115
905    @aBZT@dR373@e1@f6
906    @dCNY15.00@n0@r1
    
    了解病毒/陈绳亮,李天宪主编.-北京:中国农业出版社,2004.03
    175页;19cm
    
    
    ISBN 7-109-08874-X:CNY15.00
    
●
相关链接 在五车中查询图书 在当当中查询图书 在豆瓣中查询图书


正题名:了解病毒     索取号:R373/1         预约/预借

序号 登录号 条形码 馆藏地/架位号 状态 备注
1 0374244   200911317   样本书库/样007架B面5层2列/ [索取号:R373/1] 在馆    
2 0374245   200911308   中心书库中库/ 中库006架B面4列1层23/ [索取号:R373/1] 在馆    
3 0374246   200911326   中心书库中库/ 中库006架B面4列1层22/ [索取号:R373/1] 在馆    
4 0374247   200911335   中心书库中库/ 中库006架B面4列1层21/ [索取号:R373/1] 在馆    
5 0374248   200911344   中心书库中库/ 中库006架B面4列1层24/ [索取号:R373/1] 在馆    
6 0374249   200911353   中心书库/ [索取号:R373/1] 已借出,限还日期为2011.07.12
借出人:孙 佳  
 
山东省滨州职业学院图书馆 欢迎您!
大连网信软件有限公司© 版权所有